| 000 | 01178cab a2200289 4500 | ||
|---|---|---|---|
| 001 | ABS59136 | ||
| 008 | 090401t1998 xxu||||| |||| 00| 0 eng d | ||
| 035 | _a(Sirsi) u87919 | ||
| 041 | _aeng | ||
| 100 | _aPalles-Clark, R, | ||
| 245 | _aObjective assessment and selection of partners by government | ||
| 260 | _c1998 | ||
| 350 | _a0 | ||
| 490 |
_aConstruction Law Journal _v14(4) 1998, 239-250(12) |
||
| 520 | _aExamines factors affecting government departments when considering a partnering arrangement in connection with construction work or property management. Looks at the criteria applied to the selection of partners to ensure that best value is achieved through the procurement process. Defines partnering, the advantages, disadvantages, European Community rules, selection strategies and processes. | ||
| 650 | _aBEST VALUE | ||
| 650 | _aCONSTRUCTION WORK | ||
| 650 |
_aContracts _96232 |
||
| 650 | _aGOVERNMENT CONTRACTS | ||
| 650 | _aPARTNERING | ||
| 650 | _aProcurement-old | ||
| 650 |
_aProperty management _96262 |
||
| 650 | _aSELECTION CRITERIA | ||
| 690 | _aBUILT ENVIRONMENT-BUILDING CONTRACT FORMS | ||
| 942 | _n0 | ||
| 948 | _c10/08/1998 | ||
| 999 |
_c55484 _d55484 |
||